000 00414nam a2200181Ia 4500
005 20240823060911.0
008 240823s9999||||xx |||||||||||||| ||und||
041 _aENGLISH
082 _A625.123 Q0
100 _aBasak N N
245 0 _aSurveying and Levelling
250 _a1st
260 _c2010
_bMcGraw Hill Educ
500 _aTRANSFERED
650 _aSurveying
_bCivil
942 _cBK
999 _c232242
_d232242